| 000 | 00000nas##2200000za#4500 |
|---|---|
| 001 | 9.503499 |
| 003 | CaOODSP |
| 005 | 20200325093341 |
| 007 | cr ||||||||||| |
| 008 | 150406c1995||||xxc|| p o||||f| |0fre|d |
| 022 | |a1498-5284 |
| 040 | |aCaOODSP|bfre |
| 043 | |an-cn--- |
| 086 | 1 |aCi1-11F-pdf |
| 110 | 1 |aCanada. |bCitoyenneté et immigration Canada. |
| 245 | 10|aRegard sur le Canada |h[ressource électronique] |
| 260 | |aOttawa - Ontario : |bCitoyenneté et Immigration Canada |
| 310 | |aIrrégulier |
| 362 | 1 |a1995-2005 |
| 691 | 07|aCitoyenneté|2gcpds |
| 691 | 07|aImmigration|2gcpds |
| 775 | 08|tA look at Canada |w(CaOODSP)9.507107 |